Music Quiz

Random Music or Song Quiz

6-Word Song Slot Machine Quiz Stats

 Plays Quiz Updated Sep 25, 2019

Support Sporcle.
Go Orange.
Score 0/180 Timer 10:00
2 Plays Today
Word Initials % Correct
TheseTBAMFW
88.8%
BootsTBAMFW
88.8%
AreTBAMFW
88.8%
MadeTBAMFW
88.8%
ForTBAMFW
88.8%
Walkin'TBAMFW
88.8%
LucyLITSWD
87.5%
InLITSWD
87.5%
TheLITSWD
87.5%
SkyLITSWD
87.5%
WithLITSWD
87.5%
DiamondsLITSWD
87.5%
KillingKMSWHS
82.8%
MeKMSWHS
82.8%
SoftlyKMSWHS
82.8%
WithKMSWHS
82.8%
HisKMSWHS
82.8%
SongKMSWHS
82.8%
GirlsGJWTHF
74.4%
JustGJWTHF
74.4%
WantGJWTHF
74.4%
ToGJWTHF
74.4%
HaveGJWTHF
74.4%
FunGJWTHF
74.4%
StuckSITMWY
74.3%
InSITMWY
74.3%
TheSITMWY
74.3%
MiddleSITMWY
74.3%
WithSITMWY
74.3%
YouSITMWY
74.3%
505WTLYL
70.7%
Ways5WTLYL
70.7%
To5WTLYL
70.7%
Leave5WTLYL
70.7%
Your5WTLYL
70.7%
Lover5WTLYL
70.7%
Man!MIFLAW
70.4%
IMIFLAW
70.4%
FeelMIFLAW
70.4%
LikeMIFLAW
70.4%
AMIFLAW
70.4%
Woman!MIFLAW
70.4%
YouYSMANL
66.9%
ShookYSMANL
66.9%
MeYSMANL
66.9%
AllYSMANL
66.9%
NightYSMANL
66.9%
LongYSMANL
66.9%
HitHMWYBS
64.4%
MeHMWYBS
64.4%
WithHMWYBS
64.4%
YourHMWYBS
64.4%
BestHMWYBS
64.4%
ShotHMWYBS
64.4%
QuitQPGWMH
63.6%
PlayingQPGWMH
63.6%
GamesQPGWMH
63.6%
WithQPGWMH
63.6%
MyQPGWMH
63.6%
HeartQPGWMH
63.6%
Word Initials % Correct
BreakingBUIHTD
61.7%
UpBUIHTD
61.7%
IsBUIHTD
61.7%
HardBUIHTD
61.7%
ToBUIHTD
61.7%
DoBUIHTD
61.7%
StopSITNOL
60.4%
InSITNOL
60.4%
TheSITNOL
60.4%
NameSITNOL
60.4%
OfSITNOL
60.4%
LoveSITNOL
60.4%
WakeWMUWSE
60.2%
MeWMUWSE
60.2%
UpWMUWSE
60.2%
WhenWMUWSE
60.2%
SeptemberWMUWSE
60.2%
EndsWMUWSE
60.2%
WantsEWTRTW
55.3%
ToEWTRTW
55.3%
RuleEWTRTW
55.3%
TheEWTRTW
55.3%
WorldEWTRTW
55.3%
DecemberD1OWAN
54.9%
1963D1OWAN
54.9%
OhD1OWAN
54.9%
WhatD1OWAN
54.9%
AD1OWAN
54.9%
NightD1OWAN
54.9%
EverybodyEWTRTW
54.7%
HeavenHIAPOE
53.7%
IsHIAPOE
53.7%
AHIAPOE
53.7%
PlaceHIAPOE
53.7%
OnHIAPOE
53.7%
EarthHIAPOE
53.7%
WhereWTSHNN
52.4%
TheWTSHNN
52.4%
StreetsWTSHNN
52.4%
HaveWTSHNN
52.4%
NoWTSHNN
52.4%
NameWTSHNN
52.4%
SaveSTLDFM
48.1%
TheSTLDFM
48.1%
LastSTLDFM
48.1%
DanceSTLDFM
48.1%
ForSTLDFM
48.1%
MeSTLDFM
48.1%
SavingSAMLFY
45.2%
AllSAMLFY
45.2%
MySAMLFY
45.2%
LoveSAMLFY
45.2%
ForSAMLFY
45.2%
YouSAMLFY
45.2%
You'reYTOTIW
43.4%
TheYTOTIW
43.4%
OneYTOTIW
43.4%
ThatYTOTIW
43.4%
IYTOTIW
43.4%
WantYTOTIW
43.4%
Word Initials % Correct
CanCYFTLT
43.2%
YouCYFTLT
43.2%
FeelCYFTLT
43.2%
TheCYFTLT
43.2%
LoveCYFTLT
43.2%
TonightCYFTLT
43.2%
SistersSADIFT
40.8%
AreSADIFT
40.8%
Doin'SADIFT
40.8%
ItSADIFT
40.8%
ForSADIFT
40.8%
ThemselvesSADIFT
40.8%
AlwaysASTTRM
39.9%
SomethingASTTRM
39.9%
ThereASTTRM
39.9%
ToASTTRM
39.9%
RemindASTTRM
39.9%
MeASTTRM
39.9%
TwoTOOTAB
38%
OutTOOTAB
38%
OfTOOTAB
38%
ThreeTOOTAB
38%
Ain'tTOOTAB
38%
BadTOOTAB
38%
WouldMLWSWY
37.7%
MyMLWSWY
37.7%
LifeMLWSWY
37.7%
SuckMLWSWY
37.7%
WithoutMLWSWY
37.7%
YouMLWSWY
37.7%
YouYGLABN
37.5%
GiveYGLABN
37.5%
LoveYGLABN
37.5%
AYGLABN
37.5%
BadYGLABN
37.5%
NameYGLABN
37.5%
YouYMMFBN
35.9%
MakeYMMFBN
35.9%
MeYMMFBN
35.9%
FeelYMMFBN
35.9%
BrandYMMFBN
35.9%
NewYMMFBN
35.9%
Don'tDSTYGE
35.2%
StopDSTYGE
35.2%
TilDSTYGE
35.2%
YouDSTYGE
35.2%
GetDSTYGE
35.2%
EnoughDSTYGE
35.2%
ThingsTTMYGH
34.3%
ThatTTMYGH
34.3%
MakeTTMYGH
34.3%
YouTTMYGH
34.3%
GoTTMYGH
34.3%
HmmmmTTMYGH
34.3%
Don'tDSSCTM
33.8%
StandDSSCTM
33.8%
SoDSSCTM
33.8%
CloseDSSCTM
33.8%
ToDSSCTM
33.8%
MeDSSCTM
33.8%

You're not logged in!

Compare scores with friends on all Sporcle quizzes.
OR
Log In

From the Vault

Atypical Song Lyrics

by needapausebutton

Microwave is not the easiest word to rhyme, but somebody gave it a shot.
Remove Ads.
Support Sporcle.
Get the best of Sporcle when you Go Orange. This ad-free experience offers more features, more stats, and more fun while also helping to support Sporcle. Thank you for becoming a member.

Show Comments

Extras

Top Quizzes Today


Score Distribution

Your Account Isn't Verified!

In order to create a playlist on Sporcle, you need to verify the email address you used during registration. Go to your Sporcle Settings to finish the process.

Report this User

Report this user for behavior that violates our Community Guidelines.

Details: